Management and organisational behaviour / (Record no. 345857)

000 -LEADER
fixed length control field 01486 a2200205 4500
020 ## - INTERNATIONAL STANDARD BOOK NUMBER
International Standard Book Number 027361598X
020 ## - INTERNATIONAL STANDARD BOOK NUMBER
International Standard Book Number 9780273615989
082 04 - DEWEY DECIMAL CLASSIFICATION NUMBER
Classification number 658
090 ## - LOCALLY ASSIGNED LC-TYPE CALL NUMBER (OCLC); LOCAL CALL NUMBER (RLIN)
-- 3377
-- 3377
100 1# - MAIN ENTRY--PERSONAL NAME
Personal name Mullins, Laurie J.
245 10 - TITLE STATEMENT
Title Management and organisational behaviour /
Statement of responsibility, etc. Laurie J. Mullins.
250 ## - EDITION STATEMENT
Edition statement 4th ed.
260 ## - PUBLICATION, DISTRIBUTION, ETC.
Place of publication, distribution, etc. [S.l.] :
Name of publisher, distributor, etc. Trans-Atlantic Publications,
Date of publication, distribution, etc. 1995.
300 ## - PHYSICAL DESCRIPTION
Extent 832 p. ;
Dimensions 25 cm.
500 ## - GENERAL NOTE
General note Paperback.
520 ## - SUMMARY, ETC.
Summary, etc. This work describes how the structure of an organization and the people who work in it affect each other. It shows how organizations can be more effective by making better use of their staff. The book is divided into six parts: management and organizational behaviour; context of the organization; staffing the organization; management as an integrating activity; organizational processes and the execution of work; organizational development and effectiveness. Each chapter contains a short introduction; objectives; a summary of the key points; questions for revision and discussion; and tasks and case studies. This volume is suitable for students of management or business at pre-undergraduate, undergraduate or postgraduate studies. It is also suitable for students on professional courses and for practising managers.
856 40 - ELECTRONIC LOCATION AND ACCESS
Materials specified Amazon.com
Uniform Resource Identifier <a href="http://www.amazon.com/exec/obidos/ASIN/027361598X/chopaconline-20">http://www.amazon.com/exec/obidos/ASIN/027361598X/chopaconline-20</a>
856 40 - ELECTRONIC LOCATION AND ACCESS
Materials specified Amazon customer reviews
Uniform Resource Identifier <a href="http://www.chopac.org/cgi-bin/tools/azrev.pl?q=027361598X">http://www.chopac.org/cgi-bin/tools/azrev.pl?q=027361598X</a>
942 ## - ADDED ENTRY ELEMENTS (KOHA)
Institution code [OBSOLETE] NBS
Koha item type Book
Call number prefix 658 MUL
Holdings
Withdrawn status Lost status Damaged status Not for loan Permanent Location Current Location Date acquired Total Checkouts Full call number Barcode Date last seen Date last checked out Price effective from Koha item type
        Central Library (CL) Central Library (CL) 08/28/2013 1 658 MUL NBS4009 10/22/2013 09/27/2013 08/28/2013 Book
© 2023 Central Library, National University of Sciences and Technology. All Rights Reserved.